LEADER 01571nam 2200493Kn 450 001 9910693699303321 005 20020319173438.0 035 $a(CKB)3710000000296167 035 $a(OCoLC)48558254 035 9 $aocm48558254 035 $a(OCoLC)993710000000296167 035 $a(EXLCZ)993710000000296167 100 $a20011207g19999999 ua 0 101 0 $aeng 181 $ctxt$2rdacontent 182 $cc$2rdamedia 183 $acr$2rdacarrier 200 00$aForeign terrorist organizations$b[electronic resource] 210 $a[Washington, D.C.] $cU.S. Dept. of State, Counterterrorism Office$d1999- 300 $aTitle from title screen. 330 $aProvides access to the biennial compilations of the names of foreign terrorist organizations, as designated by the Secretary of State. 606 $aSecret societies$vRegisters 606 $aTerrorism$xSocieties, etc$vRegisters 606 $aGovernment publications 606 $aTerrorism 606 $aTerrorists 610 $aElectronic publications 615 0$aSecret societies 615 0$aTerrorism$xSocieties, etc. 615 4$aGovernment publications. 615 4$aTerrorism. 615 4$aTerrorists. 676 $a011.53 676 $a025.174 676 $a303.625 712 02$aUnited States.$bDepartment of State.$bOffice of the Coordinator for Counterterrorism. 801 0$bN@F 801 1$bN@F 801 2$bOCLCQ 801 2$bGPO 906 $aBOOK 912 $a9910693699303321 996 $aForeign terrorist organizations$93428994 997 $aUNINA LEADER 01377nam 22004215u 450 001 9910155290803321 005 20211006144911.0 010 $a9783318030587 010 $a3318030589 035 $a(CKB)3780000000101448 035 $a(OCoLC)1043771275 035 $a(SZ-BaSKA)220269 035 $a(MiAaPQ)EBC31865809 035 $a(Au-PeEL)EBL31865809 035 $a(EXLCZ)993780000000101448 100 $a20211006d1982 uy 0 101 0 $aeng 135 $aurunu||||| 181 $ctxt$2rdacontent 182 $cc$2rdamedia 183 $acr$2rdacarrier 200 10$aElectrophysiological Correlates of Psychopathology : $e3rd Symposium on Clinical Neurophysiological Aspects of Psychopathological Conditions, Stockholm, June 1981 / $f editors, C. Perris, D. Kemali, P. Flor-Henry, L. Vacca 205 $a1st ed. 210 $aBasel : $cS. Karger, $d1982 215 $a1 online resource (X + 90 pages) : $c 11 figures, 20 tables 225 0 $aAdvances in Biological Psychiatry, $x1662-2774 ; $vVol.9 311 08$a9783805535250 311 08$a3805535252 410 0$aIssn Series 606 $aPsychiatry 615 14$aPsychiatry 700 $aPerris$b C$01215488 801 0$bUKSKG 801 1$bUKSKG 906 $aBOOK 912 $a9910155290803321 996 $aElectrophysiological Correlates of Psychopathology$92808515 997 $aUNINA